[Event "84th ESP-ch 2019"]
[Site "Marbella"]
[Date "2019.11.19"]
[Round "4.24"]
[White "Rahal, Michael A"]
[Black "Romero Calduch, Sergio"]
[Result "1-0"]
[WhiteElo "2309"]
[BlackElo "2130"]
[Annotator "ChessBase"]
[PlyCount "103"]
[EventDate "2019.11.16"]
[EventType "swiss"]
[EventCountry "ESP"]
[SourceTitle "playchess.com"]
[Source "ChessBase"]
[SourceQuality "1"]
[TimeControl "5400+30"]

1. e4 {[%emt 0:00:05]} c6 {[%emt 0:00:00]} 2. d4 {[%emt 0:02:05]} d5 {[%emt 0:00:02]} 3. f3 {[%emt 0:01:22]} dxe4 {[%emt 0:02:41]} 4. fxe4 {[%emt 0:00:06]} e5 {[%emt 0:00:14]} 5. Nf3 {[%emt 0:00:24]} exd4 {[%emt 0:00:40]} 6. Bc4 {[%emt 0:01:12]} Nf6 {[%emt 0:18:18]} 7. O-O {[%emt 0:06:26]} Be7 {[%emt 0:09:11]} 8. Ng5 {[%emt 0:05:25]} O-O {[%emt 0:05:21]} 9. Nxf7 {[%emt 0:01:59]} Rxf7 {[%emt 0:00:05]} 10. Bxf7+ {[%emt 0:00:23]} Kxf7 {[%emt 0:00:06]} 11. e5 {[%emt 0:00:17]} Kg8 {[%emt 0:00:29]} 12. exf6 {[%emt 0:00:07]} Bxf6 {[%emt 0:00:07]} 13. Nd2 {[%emt 0:03:50]} Be6 {[%emt 0:10:23]} 14. Ne4 {[%emt 0:01:54]} Be7 {[%emt 0:01:59]} 15. Qh5 {[%emt 0:05:36]} Bc4 {[%emt 0:10:18]} 16. Ng5 {[%emt 0:07:46]} Bxg5 {[%emt 0:15:55]} 17. Bxg5 {[%emt 0:00:18]} Qc8 {[%emt 0:00:04]} 18. Rf4 {[%emt 0:04:33]} Nd7 {[%emt 0:01:15]} 19. Rxd4 {[%emt 0:00:48]} Bf7 {[%emt 0:00:58]} 20. Qh3 {[%emt 0:01:46]} Nf8 {[%emt 0:00:28]} 21. Qxc8 {[%emt 0:01:11]} Rxc8 {[%emt 0:00:02]} 22. Rd8 {[%emt 0:01:40]} Rxd8 {[%emt 0:01:43]} 23. Bxd8 {[%emt 0:00:03]} Bd5 {[%emt 0:00:55]} 24. Bc7 {[%emt 0:01:52]} Kf7 {[%emt 0:01:15]} 25. Be5 {[%emt 0:01:49]} g6 {[%emt 0:00:26]} 26. Rf1+ {[%emt 0:00:31]} Ke7 {[%emt 0:00:32]} 27. Bd6+ {[%emt 0:02:39]} Kxd6 {[%emt 0:00:10]} 28. Rxf8 {[%emt 0:00:04]} a5 {[%emt 0:01:22]} 29. a3 {[%emt 0:01:50]} a4 {[%emt 0:03:38]} 30. Kf2 {[%emt 0:01:22]} b5 {[%emt 0:01:39]} 31. g3 {[%emt 0:00:35]} Be4 {[%emt 0:01:05]} 32. Rd8+ {[%emt 0:00:59]} Kc5 {[%emt 0:00:51]} 33. Rd2 {[%emt 0:00:24]} Bf5 {[%emt 0:01:16]} 34. Ke3 {[%emt 0:00:18]} h5 {[%emt 0:00:20]} 35. h4 {[%emt 0:01:52]} b4 {[%emt 0:08:15]} 36. axb4+ {[%emt 0:01:15]} Kxb4 {[%emt 0:00:04]} 37. Rd4+ {[%emt 0:00:55]} Kb5 {[%emt 0:01:18]} 38. Kd2 {[%emt 0:00:23]} c5 {[%emt 0:00:43]} 39. Rf4 {[%emt 0:01:42]} Ka5 {[%emt 0:01:35]} 40. Kc3 {[%emt 0:01:04]} Kb5 {[%emt 0:00:13]} 41. Rf2 {[%emt 0:00:42]} Be4 {[%emt 0:00:46]} 42. Rf8 {[%emt 0:01:06]} Bf5 {[%emt 0:00:12]} 43. Rb8+ {[%emt 0:00:56]} Kc6 {[%emt 0:00:15]} 44. Kd2 {[%emt 0:00:30]} Be6 {[%emt 0:03:03]} 45. Re8 {[%emt 0:02:28]} Bd7 {[%emt 0:01:29]} 46. Rg8 {[%emt 0:01:58]} Bf5 {[%emt 0:00:10]} 47. c4 {[%emt 0:00:31]} Kb6 {[%emt 0:01:05]} 48. Rb8+ {[%emt 0:01:18]} Kc7 {[%emt 0:00:31]} 49. Rb5 {[%emt 0:02:13]} Kd6 {[%emt 0:00:09]} 50. Rb6+ {[%emt 0:01:08]} Ke5 {[%emt 0:00:30]} 51. Ke3 {[%emt 0:00:31]} Be6 {[%emt 0:00:50]} 52. Rc6 {[%emt 0:00:28]} 1-0

[Event "84th ESP-ch 2019"]
[Site "Marbella"]
[Date "2019.11.19"]
[Round "4.25"]
[White "Zurano Lopez, Pedro"]
[Black "Pindado Campos, Raul"]
[Result "1/2-1/2"]
[WhiteElo "2292"]
[BlackElo "2100"]
[Annotator "TA"]
[PlyCount "200"]
[EventDate "2019.11.16"]
[EventType "swiss"]
[EventCountry "ESP"]
[SourceTitle "playchess.com"]
[Source "ChessBase"]
[SourceQuality "1"]

{[%evp 20,200,39,30,44,54,61,34,68,20,44,36,28,25,36,36,72,0,0,-15,58,53,97,53,75,27,44,49,47,0,11,13,22,0,65,25,49,29,41,48,48,2,83,84,79,85,79,82,110,92,160,140,169,131,154,158,163,158,164,164,167,147,181,168,221,113,330,171,318,139,218,211,212,203,218,215,216,205,207,204,228,227,214,199,193,199,257,264,241,232,303,295,352,352,404,335,456,452,829,671,1299,1166,1458,1419,1253,915,5622,2704,12839,6133,4798,1312,1102,335,1202,172,821,749,527,219,230,4,4,10,11,0,11,0,131,131,153,0,0,0,11,11,16,0,0,0,0,0,0,0,0,0,12,0,0,0,0,0,0,0,0,0,0,0,0,0,0,0,0,0,0,0,0,0,4,0,12,0,0,0,0,0,0,0,0,0,11,0,0]} 1. Nf3 Nf6 2. g3 d5 3. Bg2 e6 4. O-O c5 5. c4 Be7 6. d4 O-O 7. cxd5 Nxd5 8. Nc3 Nxc3 9. bxc3 Nc6 10. Rb1 Qa5 11. Qb3 Rd8 {A34: Symmetrical English: 2 Nc3, lines with ...d5} 12. Rd1 Bd7 (12... Bf6 13. Bb2 Bd7 14. Nd2 b6 15. Qa3 Qxa3 16. Bxa3 cxd4 17. cxd4 Rac8 18. e3 Be7 19. Bxe7 Nxe7 20. Rdc1 {½-½ (20) Gagunashvili,M (2573)-Khusenkhojaev,M (2433) Tashkent 2017}) 13. Bd2 b6 $146 {White is slightly better.} ({Predecessor:} 13... Qa6 14. Qxb7 Qxe2 15. Bf4 Qxa2 16. Bc7 Rdc8 17. Ne5 Nxe5 18. Bxe5 Rd8 19. dxc5 Bxc5 20. Rxd7 Qxf2+ 21. Kh1 Rf8 22. Rf1 Qe3 23. Bd4 Bxd4 24. cxd4 Rae8 25. Rdxf7 Qxd4 26. Qe7 {1-0 (26) Iljin,A (2462)-Nemtzev,I (2289) Samara 2003}) 14. e4 {With the idea d5.} (14. c4 $5 {[%cal Rd2a5]} Qa6 15. d5 exd5 16. cxd5 $14) 14... Rac8 15. d5 c4 16. Qxc4 Ne5 17. Qe2 Nc4 18. dxe6 (18. Bf4 $16) 18... Bxe6 $11 19. Be1 Re8 (19... Qh5 $11) 20. Nd4 $14 Na3 {aiming for ...Bc4.} 21. Rbc1 Bc4 22. Qb2 Ba6 23. Nf5 Bf8 24. Rd5 (24. c4 $5 {[%cal Re1a5]} Qa4 25. Qb3 Rxc4 26. Rxc4 Qxc4 27. Bc3 $14) 24... Qa4 25. Qb3 Qc6 $1 26. Qd1 Nc4 (26... Be2 $11 27. Qd2 (27. Qxe2 Qxd5 {[%mdl 64] Pin} 28. Ne3 Qc6 $17) 27... Bc4) 27. Rd7 (27. Bd2 $5) 27... Bb7 28. Qd5 $36 {[%mdl 2048] White is more active.} Qxd5 29. exd5 Rb8 30. d6 (30. Rc7 $5 {[%cal Rc7c4]} b5 31. Rd1 $14) 30... Bc8 (30... Bxg2 $1 $11 31. Kxg2 g6 32. Ne7+ Kg7) 31. Ne7+ $16 Bxe7 32. Rxe7 {[%cal Re7e8]} Nxd6 33. Rxa7 Nc4 34. f4 Ne3 (34... h6 $142) 35. Bc6 Re6 36. Bf3 Re8 37. Bf2 Bg4 38. Bc6 $1 {[%cal Rc6e8]} Rec8 39. Ba4 Nc4 40. Bb3 Be6 41. Re1 b5 (41... Bd5 $142 42. Ree7 h6) 42. Bd4 (42. Rxe6 $1 $18 fxe6 43. Bd4) 42... Rd8 $2 {[#]} (42... Ra8 $16 {might work better.}) 43. Kf2 (43. Rxe6 $142 $1 {[%mdl 512]} fxe6 44. Rxg7+ Kf8 45. Rxh7) 43... Rbc8 {[#]} (43... Ra8 $142 44. Rc7 Rdc8 45. Rxc8+ Rxc8) 44. Rb7 (44. Rxe6 $1 $18 {[%mdl 512] is the precise move to win.} fxe6 45. Rxg7+ Kf8 46. Rxh7) 44... Na5 (44... Rb8 $16 {is a better defense.} 45. Re7 Kf8) 45. Rxb5 $18 Nxb3 46. axb3 Ra8 47. f5 Bd5 48. Re2 f6 49. g4 Rab8 50. Rxb8 Rxb8 {[%mdl 4096] Endgame KRB-KRB} 51. c4 Bf7 52. Rb2 Kf8 (52... Re8 {was necessary.} 53. h3 h5) 53. Ke3 h5 54. h3 Ke7 55. Kd3 hxg4 56. hxg4 g6 57. Kc3 gxf5 58. gxf5 Be8 (58... Ra8 $142 59. Bc5+ Kd7 60. Rd2+ Ke8 61. Re2+ Kd8 62. Be7+ Kd7 63. Bxf6 Re8) 59. Re2+ Kf7 60. Re6 Bd7 61. Rxf6+ Ke7 62. c5 {[%cal Bc4c5,Bc5c6][%mdl 32]} Re8 63. b4 Ra8 64. c6 Bc8 65. c7 Ra1 66. Kb2 $2 (66. Rg6 Bxf5 67. Rg5) 66... Rd1 $2 {[#]} (66... Rf1 67. Rg6 Rxf5) 67. Bc3 $2 (67. Re6+ $1 Kd7 (67... Bxe6 68. fxe6) 68. Be5) 67... Rd2+ $2 (67... Rf1 68. Rg6 Rxf5) 68. Kb3 ({Weaker is} 68. Bxd2 Kxf6 69. b5 Kxf5 $14) 68... Rf2 69. Rh6 (69. Rg6 $142) 69... Rxf5 {[#] and the idea ...Kd7 leaves Black hopeful.} 70. Rh8 $2 (70. Bd4 $1 $18) 70... Kd7 $1 $11 71. Rh7+ Kc6 72. Re7 Rd5 73. Re8 (73. Rg7 {feels hotter.} Kb7 74. Rg6 Bf5 75. Rf6 Bd7 76. Rh6) 73... Kb7 {[#]} (73... Kxc7 $11 {remains equal.} 74. Kc4 Bd7) 74. Be5 $1 $16 Rd1 75. Re7 $2 ({White should play} 75. Rd8 $16 Rb1+ 76. Kc4) 75... Rb1+ {The position is equal.} 76. Kc4 Rc1+ 77. Kb5 Rc6 78. Rg7 Rb6+ 79. Kc5 Rc6+ 80. Kd4 {And now b5 would win.} Rb6 81. Kc3 Rc6+ 82. Kd3 Rb6 83. Bc3 Rc6 84. Bd4 (84. Rg5 {keeps more tension.} Rxc7 85. Re5 Kc6 86. Kc2 Kd6 87. Rg5) 84... Rxc7 85. Rg1 Bf5+ 86. Ke3 Re7+ 87. Kf3 Be4+ 88. Kf4 {Black must now prevent Re1.} Bc6 89. Bc5 Rd7 90. Ra1 Bb5 91. Ke5 Be2 92. Rg1 Bb5 93. Rg6 Be2 94. Ke6 Rh7 95. Kd6 Bd3 96. Rg3 Ba6 97. Rg5 Be2 98. Be3 Rh6+ 99. Kd5 {Threatens to win with Rg7+.} Bf3+ 100. Ke5 {Rg7+ is the strong threat.} Rh5 {Accuracy: White = 45%, Black = 34%.} 1/2-1/2

[Event "84th ESP-ch 2019"]
[Site "Marbella"]
[Date "2019.11.19"]
[Round "4.26"]
[White "Guillo Longares, Cecilia"]
[Black "Jimenez Ruano, Adrian"]
[Result "1-0"]
[WhiteElo "2100"]
[BlackElo "2269"]
[Annotator "ChessBase"]
[PlyCount "151"]
[EventDate "2019.11.16"]
[EventType "swiss"]
[EventCountry "ESP"]
[SourceTitle "playchess.com"]
[Source "ChessBase"]
[SourceQuality "1"]
[TimeControl "5400+30"]

1. d4 {[%emt 0:00:00]} Nf6 {[%emt 0:00:38]} 2. c4 {[%emt 0:00:00]} g6 {[%emt 0:00:27]} 3. Nf3 {[%emt 0:00:00]} Bg7 {[%emt 0:00:16]} 4. g3 {[%emt 0:00:00]} O-O {[%emt 0:00:07]} 5. Bg2 {[%emt 0:00:00]} d6 {[%emt 0:00:09]} 6. O-O {[%emt 0:00:03]} Nbd7 {[%emt 0:00:08]} 7. Nc3 {[%emt 0:00:05]} e5 {[%emt 0:00:19]} 8. dxe5 {[%emt 0:00:05]} dxe5 {[%emt 0:00:31]} 9. h3 {[%emt 0:00:21]} c6 {[%emt 0:00:47]} 10. Be3 {[%emt 0:00:12]} Qe7 {[%emt 0:12:51]} 11. Qc1 {[%emt 0:01:43]} Re8 {[%emt 0:04:42]} 12. Rd1 {[%emt 0:02:25]} a5 {[%emt 0:19:45]} 13. b3 {[%emt 0:05:47]} Nc5 {[%emt 0:11:30]} 14. Nd2 {[%emt 0:01:10]} Be6 {[%emt 0:07:35]} 15. Kh2 {[%emt 0:03:59]} Qf8 {[%emt 0:12:10]} 16. Qa3 {[%emt 0:04:15]} Nfd7 {[%emt 0:01:20]} 17. Nde4 {[%emt 0:03:39]} Nxe4 {[%emt 0:00:27]} 18. Qxf8+ {[%emt 0:00:07]} Nxf8 {[%emt 0:07:49]} 19. Nxe4 {[%emt 0:00:24]} f5 {[%emt 0:00:33]} 20. Nd6 {[%emt 0:02:05]} Re7 {[%emt 0:00:51]} 21. Rd2 {[%emt 0:02:21]} e4 {[%emt 0:01:45]} 22. Rad1 {[%emt 0:06:43]} Bc3 {[%emt 0:00:28]} 23. Rc2 {[%emt 0:00:06]} Bb4 {[%emt 0:01:11]} 24. c5 {[%emt 0:02:28]} Bd5 {[%emt 0:09:22]} 25. g4 {[%emt 0:04:40]} Be6 {[%emt 0:01:13]} 26. gxf5 {[%emt 0:03:40]} gxf5 {[%emt 0:00:01]} 27. Rg1 {[%emt 0:00:11]} Rg7 {[%emt 0:04:03]} 28. Bd4 {[%emt 0:00:05]} Rg6 {[%emt 0:00:26]} 29. Nxb7 {[%emt 0:03:31]} Bd5 {[%emt 0:01:57]} 30. Nd6 {[%emt 0:10:33]} Rxd6 {[%emt 0:00:02]} 31. cxd6 {[%emt 0:00:41]} Bxd6+ {[%emt 0:00:02]} 32. Kh1 {[%emt 0:00:07]} Kf7 {[%emt 0:00:02]} 33. e3 {[%emt 0:03:13]} Ng6 {[%emt 0:01:35]} 34. Bf1 {[%emt 0:00:30]} c5 {[%emt 0:01:20]} 35. Bb2 {[%emt 0:01:24]} a4 {[%emt 0:00:32]} 36. Bc4 {[%emt 0:05:24]} Bxc4 {[%emt 0:00:05]} 37. bxc4 {[%emt 0:00:55]} Be7 {[%emt 0:00:34]} 38. Rd2 {[%emt 0:00:35]} Ke6 {[%emt 0:00:29]} 39. Bc3 {[%emt 0:02:38]} a3 {[%emt 0:00:26]} 40. Rb1 {[%emt 0:00:45]} Ra4 {[%emt 0:00:18]} 41. Rb3 {[%emt 0:00:16]} Ra6 {[%emt 0:00:59]} 42. Rd5 {[%emt 0:01:31]} Bd6 {[%emt 0:00:38]} 43. Rd1 {[%emt 0:02:20]} f4 {[%emt 0:00:33]} 44. Rb7 {[%emt 0:03:35]} Ne7 {[%emt 0:00:27]} 45. exf4 {[%emt 0:00:17]} h6 {[%emt 0:00:35]} 46. Be5 {[%emt 0:01:44]} Bxe5 {[%emt 0:00:30]} 47. fxe5 {[%emt 0:00:05]} Nf5 {[%emt 0:00:13]} 48. Rd5 {[%emt 0:00:26]} Ra8 {[%emt 0:00:46]} 49. Rxc5 {[%emt 0:00:18]} Nd4 {[%emt 0:00:19]} 50. Rb6+ {[%emt 0:00:43]} Kf5 {[%emt 0:00:30]} 51. e6+ {[%emt 0:02:07]} Kf6 {[%emt 0:00:37]} 52. e7+ {[%emt 0:00:23]} Kxe7 {[%emt 0:00:35]} 53. Rc7+ {[%emt 0:00:24]} Kf8 {[%emt 0:00:27]} 54. Rxh6 {[%emt 0:01:15]} Kg8 {[%emt 0:00:11]} 55. Rg6+ {[%emt 0:00:26]} Kh8 {[%emt 0:00:11]} 56. Rc5 {[%emt 0:00:48]} Kh7 {[%emt 0:00:20]} 57. Rg4 {[%emt 0:00:31]} Kh6 {[%emt 0:00:31]} 58. Rxe4 {[%emt 0:00:27]} Nf3 {[%emt 0:01:01]} 59. Re6+ {[%emt 0:00:47]} Kh7 {[%emt 0:00:03]} 60. Rc7+ {[%emt 0:00:18]} Kh8 {[%emt 0:00:13]} 61. Rd7 {[%emt 0:03:22]} Rb8 {[%emt 0:00:44]} 62. Kg2 {[%emt 0:00:18]} Nh4+ {[%emt 0:00:27]} 63. Kh2 {[%emt 0:00:05]} Nf3+ {[%emt 0:00:58]} 64. Kg3 {[%emt 0:00:25]} Rf8 {[%emt 0:00:51]} 65. Rh6+ {[%emt 0:00:08]} Kg8 {[%emt 0:00:01]} 66. Rhh7 {[%emt 0:00:15]} Rf6 {[%emt 0:00:26]} 67. Rdg7+ {[%emt 0:00:37]} Kf8 {[%emt 0:00:00]} 68. Rg4 {[%emt 0:00:10]} Ng1 {[%emt 0:00:24]} 69. Re4 {[%emt 0:03:41]} Rg6+ {[%emt 0:00:58]} 70. Kf4 {[%emt 0:00:24]} Kg8 {[%emt 0:00:44]} 71. Ra7 {[%emt 0:00:19]} Nxh3+ {[%emt 0:00:07]} 72. Ke3 {[%emt 0:00:05]} Kf8 {[%emt 0:00:31]} 73. Rh4 {[%emt 0:00:25]} Re6+ {[%emt 0:01:01]} 74. Kd2 {[%emt 0:00:06]} Kg8 {[%emt 0:00:17]} 75. Rxh3 {[%emt 0:00:06]} Re4 {[%emt 0:00:03]} 76. Rb3 {[%emt 0:00:42]} 1-0

[Event "84th ESP-ch 2019"]
[Site "Marbella"]
[Date "2019.11.19"]
[Round "4.27"]
[White "Moral Garcia, Serafin"]
[Black "Carbonell Bofill, Carlos Eloy"]
[Result "1-0"]
[WhiteElo "2267"]
[BlackElo "2098"]
[Annotator "ChessBase"]
[PlyCount "117"]
[EventDate "2019.11.16"]
[EventType "swiss"]
[EventCountry "ESP"]
[SourceTitle "playchess.com"]
[Source "ChessBase"]
[SourceQuality "1"]
[TimeControl "5400+30"]

1. e4 {[%emt 0:00:00]} c5 {[%emt 0:01:58]} 2. Nf3 {[%emt 0:00:00]} Nc6 {[%emt 0:00:03]} 3. Bb5 {[%emt 0:00:18]} Nf6 {[%emt 0:00:14]} 4. Qe2 {[%emt 0:00:37]} Qc7 {[%emt 0:02:11]} 5. O-O {[%emt 0:02:55]} a6 {[%emt 0:02:58]} 6. Bxc6 Qxc6 {[%emt 0:00:27]} 7. d3 {[%emt 0:02:27]} g6 {[%emt 0:00:55]} 8. e5 {[%emt 0:02:53]} Nd5 {[%emt 0:00:10]} 9. c4 {[%emt 0:00:11]} Nc7 {[%emt 0:02:05]} 10. Nc3 {[%emt 0:00:10]} b5 {[%emt 0:00:48]} 11. Bf4 {[%emt 0:03:24]} Bb7 {[%emt 0:00:43]} 12. Qe3 {[%emt 0:03:16]} h6 {[%emt 0:02:20]} 13. Bg3 {[%emt 0:08:34]} h5 {[%emt 0:02:34]} 14. Bh4 {[%emt 0:03:50]} Bh6 {[%emt 0:03:34]} 15. Bg5 {[%emt 0:00:11]} Bxg5 {[%emt 0:00:45]} 16. Qxg5 {[%emt 0:00:05]} Ne6 {[%emt 0:00:16]} 17. Qe3 {[%emt 0:01:18]} Nd4 {[%emt 0:00:31]} 18. Nd5 {[%emt 0:00:09]} e6 {[%emt 0:00:09]} 19. Nxd4 {[%emt 0:02:49]} cxd4 {[%emt 0:00:26]} 20. Nf6+ {[%emt 0:00:01]} Kf8 {[%emt 0:04:07]} 21. Qh3 {[%emt 0:00:30]} g5 {[%emt 0:09:55]} 22. f3 {[%emt 0:02:16]} Ke7 {[%emt 0:04:33]} 23. Qg3 {[%emt 0:01:27]} Rag8 {[%emt 0:00:34]} 24. Nxg8+ {[%emt 0:03:02]} Rxg8 {[%emt 0:00:01]} 25. Rf2 {[%emt 0:03:33]} bxc4 {[%emt 0:05:00]} 26. Rc1 {[%emt 0:00:10]} d5 {[%emt 0:00:12]} 27. exd6+ {[%emt 0:00:10]} Qxd6 {[%emt 0:00:02]} 28. Qxd6+ {[%emt 0:00:16]} Kxd6 {[%emt 0:00:01]} 29. Rxc4 {[%emt 0:00:07]} e5 {[%emt 0:00:20]} 30. Rfc2 {[%emt 0:02:26]} g4 {[%emt 0:02:48]} 31. Rb4 {[%emt 0:00:27]} Ba8 {[%emt 0:03:07]} 32. Rb6+ {[%emt 0:00:23]} Kd7 {[%emt 0:00:38]} 33. fxg4 {[%emt 0:01:09]} Rxg4 {[%emt 0:01:03]} 34. Rxa6 {[%emt 0:00:05]} Bd5 {[%emt 0:00:38]} 35. Re2 {[%emt 0:01:38]} e4 {[%emt 0:00:19]} 36. dxe4 {[%emt 0:01:16]} d3 {[%emt 0:00:03]} 37. Rd2 {[%emt 0:00:58]} Bxe4 {[%emt 0:00:49]} 38. Ra3 {[%emt 0:00:35]} h4 {[%emt 0:06:10]} 39. Raxd3+ {[%emt 0:00:16]} Ke6 {[%emt 0:00:14]} 40. Rc3 {[%emt 0:00:47]} f5 {[%emt 0:00:37]} 41. b4 {[%emt 0:02:17]} Bd5 {[%emt 0:00:37]} 42. Re3+ {[%emt 0:00:37]} Be4 {[%emt 0:00:20]} 43. a3 {[%emt 0:01:00]} Ke5 {[%emt 0:00:01]} 44. Rc3 {[%emt 0:02:37]} Bb7 {[%emt 0:08:28]} 45. Rc5+ {[%emt 0:03:22]} Kf6 {[%emt 0:02:40]} 46. b5 {[%emt 0:02:13]} h3 {[%emt 0:00:11]} 47. g3 {[%emt 0:00:29]} Ra4 {[%emt 0:01:56]} 48. Rd3 {[%emt 0:03:20]} Be4 {[%emt 0:00:29]} 49. Re3 {[%emt 0:01:59]} Rd4 {[%emt 0:00:56]} 50. Kf2 {[%emt 0:00:48]} Rd1 {[%emt 0:10:02]} 51. g4 {[%emt 0:03:06]} Rd2+ {[%emt 0:01:54]} 52. Re2 {[%emt 0:01:12]} Rd3 {[%emt 0:02:11]} 53. gxf5 {[%emt 0:00:40]} Bxf5 {[%emt 0:01:29]} 54. Re3 {[%emt 0:02:10]} Rd2+ {[%emt 0:00:06]} 55. Ke1 {[%emt 0:00:46]} Rxh2 {[%emt 0:00:56]} 56. Rf3 {[%emt 0:00:03]} Rh1+ {[%emt 0:00:08]} 57. Kf2 {[%emt 0:00:03]} h2 {[%emt 0:00:05]} 58. Rfxf5+ {[%emt 0:00:11]} Kg6 {[%emt 0:00:02]} 59. Kg2 1-0

[Event "84th ESP-ch 2019"]
[Site "Marbella"]
[Date "2019.11.19"]
[Round "4.28"]
[White "Sosa Suarez, Carla Cristina"]
[Black "Kolotilina, Liudmila"]
[Result "1/2-1/2"]
[WhiteElo "2022"]
[BlackElo "2242"]
[Annotator "ChessBase"]
[PlyCount "102"]
[EventDate "2019.11.16"]
[EventType "swiss"]
[EventCountry "ESP"]
[SourceTitle "playchess.com"]
[Source "ChessBase"]
[SourceQuality "1"]
[TimeControl "5400+30"]

1. e4 {[%emt 0:00:00]} d6 {[%emt 0:00:00]} 2. d4 {[%emt 0:00:00]} g6 {[%emt 0:00:00]} 3. Nc3 {[%emt 0:00:28]} Bg7 {[%emt 0:00:00]} 4. Be3 {[%emt 0:00:37]} a6 {[%emt 0:00:00]} 5. f4 {[%emt 0:01:46]} b5 {[%emt 0:00:10]} 6. a3 {[%emt 0:01:47]} Bb7 {[%emt 0:00:50]} 7. Nf3 {[%emt 0:04:55]} Nf6 {[%emt 0:02:54]} 8. e5 {[%emt 0:10:15]} Ng4 {[%emt 0:01:51]} 9. Bg1 {[%emt 0:08:11]} O-O {[%emt 0:01:07]} 10. Bd3 {[%emt 0:05:41]} c5 {[%emt 0:10:38]} 11. dxc5 {[%emt 0:09:43]} Nd7 {[%emt 0:20:16]} 12. c6 {[%emt 0:23:32]} Bxc6 {[%emt 0:00:05]} 13. Qe2 {[%emt 0:00:05]} dxe5 {[%emt 0:02:26]} 14. h3 {[%emt 0:02:12]} Ngf6 {[%emt 0:12:49]} 15. fxe5 {[%emt 0:02:24]} Nd5 {[%emt 0:10:35]} 16. Nxd5 {[%emt 0:00:45]} Bxd5 {[%emt 0:00:02]} 17. Bd4 {[%emt 0:01:22]} e6 {[%emt 0:01:56]} 18. O-O {[%emt 0:02:13]} Nb6 {[%emt 0:02:18]} 19. Bc5 {[%emt 0:01:54]} Re8 {[%emt 0:01:03]} 20. Qe3 {[%emt 0:04:39]} Nd7 {[%emt 0:05:25]} 21. Bd4 {[%emt 0:01:29]} Bxf3 {[%emt 0:06:11]} 22. Rxf3 {[%emt 0:00:17]} Qc7 {[%emt 0:00:35]} 23. Re1 {[%emt 0:01:49]} Rac8 {[%emt 0:02:08]} 24. a4 {[%emt 0:01:19]} Nc5 {[%emt 0:02:20]} 25. axb5 {[%emt 0:01:18]} Nxd3 {[%emt 0:01:16]} 26. Qxd3 {[%emt 0:00:27]} axb5 {[%emt 0:00:45]} 27. Qxb5 {[%emt 0:00:54]} Qxc2 {[%emt 0:01:22]} 28. Ref1 {[%emt 0:00:30]} Rf8 {[%emt 0:03:27]} 29. Bc3 {[%emt 0:02:33]} Qe4 {[%emt 0:01:40]} 30. Qd7 {[%emt 0:02:24]} Rcd8 {[%emt 0:01:57]} 31. Qe7 {[%emt 0:00:36]} Rde8 {[%emt 0:00:52]} 32. Qc5 {[%emt 0:01:12]} Rc8 {[%emt 0:00:13]} 33. Qf2 {[%emt 0:00:45]} Rc7 {[%emt 0:03:05]} 34. Rf4 {[%emt 0:01:01]} Qd5 {[%emt 0:01:11]} 35. Bb4 {[%emt 0:00:41]} Qxe5 {[%emt 0:03:08]} 36. Bxf8 {[%emt 0:00:50]} Bxf8 {[%emt 0:00:02]} 37. Kh1 {[%emt 0:00:40]} Bd6 {[%emt 0:00:19]} 38. Qd4 {[%emt 0:01:59]} Qxd4 {[%emt 0:01:28]} 39. Rxd4 {[%emt 0:00:04]} Bg3 {[%emt 0:00:50]} 40. b4 {[%emt 0:00:53]} e5 {[%emt 0:00:18]} 41. Rd3 {[%emt 0:01:18]} Bh4 {[%emt 0:00:12]} 42. Re3 {[%emt 0:01:03]} f6 {[%emt 0:00:24]} 43. b5 {[%emt 0:00:34]} Rb7 {[%emt 0:00:23]} 44. Rb3 {[%emt 0:00:25]} e4 {[%emt 0:01:33]} 45. g3 {[%emt 0:00:34]} Bg5 {[%emt 0:00:21]} 46. h4 {[%emt 0:00:21]} Bd2 {[%emt 0:00:28]} 47. Rxf6 {[%emt 0:01:03]} e3 {[%emt 0:00:37]} 48. Re6 {[%emt 0:01:37]} Kf7 {[%emt 0:00:03]} 49. Rexe3 {[%emt 0:01:34]} Bxe3 {[%emt 0:00:13]} 50. Rxe3 {[%emt 0:00:04]} Rxb5 {[%emt 0:00:03]} 51. Kg2 {[%emt 0:00:14]} Kf6 {[%emt 0:00:07]} 1/2-1/2

[Event "84th ESP-ch 2019"]
[Site "Marbella"]
[Date "2019.11.19"]
[Round "4.29"]
[White "Garcia Romero, Benjamin Abel"]
[Black "Ruiz Buendia, Miguel"]
[Result "1-0"]
[WhiteElo "2234"]
[BlackElo "1875"]
[Annotator "ChessBase"]
[PlyCount "85"]
[EventDate "2019.11.16"]
[EventType "swiss"]
[EventCountry "ESP"]
[SourceTitle "playchess.com"]
[Source "ChessBase"]
[SourceQuality "1"]
[TimeControl "5400+30"]

1. d4 {[%emt 0:02:36]} Nf6 {[%emt 0:00:00]} 2. c4 {[%emt 0:00:32]} e6 {[%emt 0:00:00]} 3. g3 {[%emt 0:01:05]} Bb4+ {[%emt 0:00:00]} 4. Bd2 {[%emt 0:00:27]} a5 {[%emt 0:00:00]} 5. Bg2 {[%emt 0:00:24]} O-O {[%emt 0:00:28]} 6. e4 {[%emt 0:01:09]} d6 {[%emt 0:01:08]} 7. Ne2 {[%emt 0:02:19]} Nbd7 {[%emt 0:02:17]} 8. O-O {[%emt 0:00:37]} e5 {[%emt 0:00:24]} 9. Nbc3 {[%emt 0:07:00]} Re8 {[%emt 0:00:37]} 10. Qc2 {[%emt 0:02:39]} exd4 {[%emt 0:00:44]} 11. Nxd4 {[%emt 0:00:11]} Ne5 {[%emt 0:00:05]} 12. b3 {[%emt 0:00:50]} Bc5 {[%emt 0:00:14]} 13. Nf5 {[%emt 0:02:42]} Nc6 {[%emt 0:07:39]} 14. Rad1 {[%emt 0:10:30]} Bxf5 {[%emt 0:10:27]} 15. exf5 {[%emt 0:00:10]} Qd7 {[%emt 0:00:58]} 16. Qd3 {[%emt 0:08:09]} Ne5 {[%emt 0:04:51]} 17. Qb1 {[%emt 0:00:50]} Nc6 {[%emt 0:03:37]} 18. Bg5 {[%emt 0:05:10]} Ng4 {[%emt 0:01:40]} 19. h3 {[%emt 0:04:36]} Nge5 {[%emt 0:01:21]} 20. Kh1 {[%emt 0:09:00]} Nd4 {[%emt 0:01:38]} 21. Be3 {[%emt 0:03:35]} Nec6 {[%emt 0:03:04]} 22. Nb5 {[%emt 0:02:00]} Rxe3 {[%emt 0:05:31]} 23. fxe3 {[%emt 0:01:08]} Nxb5 {[%emt 0:10:11]} 24. cxb5 {[%emt 0:00:06]} Ne5 {[%emt 0:02:09]} 25. f6 {[%emt 0:00:45]} Re8 {[%emt 0:06:39]} 26. fxg7 {[%emt 0:04:44]} Bxe3 {[%emt 0:04:22]} 27. Kh2 {[%emt 0:00:13]} Kxg7 {[%emt 0:01:59]} 28. a4 {[%emt 0:01:35]} b6 {[%emt 0:03:38]} 29. Rf5 {[%emt 0:02:12]} Re6 {[%emt 0:01:35]} 30. Rdf1 {[%emt 0:07:13]} Rg6 {[%emt 0:02:06]} 31. Bd5 {[%emt 0:01:12]} f6 {[%emt 0:01:58]} 32. b4 {[%emt 0:01:40]} axb4 {[%emt 0:02:41]} 33. Qxb4 {[%emt 0:00:20]} Qe8 {[%emt 0:04:02]} 34. Qe4 {[%emt 0:01:51]} Rh6 {[%emt 0:02:11]} 35. Kg2 {[%emt 0:00:18]} Bg5 {[%emt 0:00:46]} 36. h4 {[%emt 0:10:16]} Bd2 {[%emt 0:02:12]} 37. R1f2 {[%emt 0:02:51]} Ba5 {[%emt 0:01:19]} 38. Rc2 {[%emt 0:01:06]} Qd7 {[%emt 0:00:48]} 39. h5 {[%emt 0:01:06]} Qe7 {[%emt 0:01:43]} 40. g4 {[%emt 0:00:17]} Qd7 {[%emt 0:02:50]} 41. Bb3 {[%emt 0:00:40]} d5 {[%emt 0:01:54]} 42. Bxd5 {[%emt 0:01:22]} Kh8 {[%emt 0:01:01]} 43. Rxe5 {[%emt 0:00:25]} 1-0